| Tag |
First Indicator |
Second Indicator |
Subfields |
| LEADER |
00000cam a2200000Ka 4500 |
| 001 |
in00002198317 |
| 005 |
20220105185004.0 |
| 006 |
m d f |
| 008 |
060607s2005 dcu s f000 0 eng d |
| 035 |
|
|
|a (OCoLC)ocm70007080
|
| 040 |
|
|
|a GPO
|c GPO
|d GPO
|d MvI
|d UtOrBLW
|
| 049 |
|
|
|a WWW
|
| 074 |
|
|
|a 0461-A-01 (online)
|
| 086 |
0 |
|
|a ED 1.102:IN 2/5
|
| 088 |
|
|
|a NCES 2005-535
|
| 245 |
0 |
0 |
|a NCES studies on American Indian and alaska native education.
|
| 264 |
|
1 |
|a [Washington, D.C.] :
|b United States Dept. of Education, National Center for Education Statistics,
|c [2005]
|
| 300 |
|
|
|a 11 pages :
|b digital, PDF file.
|
| 336 |
|
|
|a text
|b txt
|2 rdacontent
|
| 337 |
|
|
|a computer
|b c
|2 rdamedia
|
| 338 |
|
|
|a unspecified
|b zu
|2 rdacarrier
|
| 500 |
|
|
|a "NCES 2005-535."
|
| 500 |
|
|
|a "October 2005."
|
| 500 |
|
|
|a Title from title screen (viewed on June 7, 2006).
|
| 538 |
|
|
|a Mode of access: Internet from the Dept. of Education web site. Address as of 4/4/07: http://nces.ed.gov/pubsearch/pubsinfo.asp?pubid=2005535 (abstract), http://nces.ed.gov/pubs2005/2005535.pdf (PDF version); current access available via PURL.
|
| 500 |
|
|
|a Electronic resource.
|
| 650 |
|
0 |
|a Indians of North America
|x Education
|z United States.
|
| 710 |
2 |
|
|a National Center for Education Statistics.
|
| 856 |
4 |
0 |
|3 Abstract:
|u http://nces.ed.gov/pubsearch/pubsinfo.asp?pubid=2005535
|t 0
|
| 856 |
4 |
0 |
|3 PDF version:
|u https://purl.fdlp.gov/GPO/LPS70457
|t 0
|
| 999 |
|
|
|a MARS
|
| 999 |
f |
f |
|s 51504d21-2c5c-375d-931f-85cd0aa330bb
|i 307e094c-581d-3362-b59c-547b506dc0b7
|t 0
|
| 952 |
f |
f |
|a Texas A&M University
|b College Station
|c Electronic Resources
|d Available Online
|t 0
|e ED 1.102:IN 2/5
|h Superintendent of Documents classification
|
| 998 |
f |
f |
|a ED 1.102:IN 2/5
|t 0
|l Available Online
|